| Tag |
First Indicator |
Second Indicator |
Subfields |
| LEADER |
00000nam a2200000 4500 |
| 001 |
in00004217621 |
| 005 |
20200807081642.0 |
| 006 |
m g d |
| 007 |
cr bn |||a|bb| |
| 008 |
920522s1620 enk o 00| | lat d |
| 035 |
|
|
|a (UnM)99852961
|
| 037 |
|
|
|a CL0036000047
|b ProQuest. 789 E. Eisenhower Parkway, Ann Arbor, MI 48108-3218
|
| 040 |
|
|
|a Cu-RivES
|c Cu-RivES
|d CStRLIN
|e dcrb
|d WaOLN
|
| 100 |
1 |
|
|a Spottiswood, John,
|d 1565-1639.
|
| 245 |
1 |
0 |
|a Refutatio libelli De regimine Ecclesiae Scoticanae
|
| 246 |
2 |
|
|a Refutatio libelli De regim. Eccles. Scoticanæ.
|
| 260 |
|
|
|a Londini :
|b Ex officina Nortoniana, apud Ioan. Billium,
|c M.DC.XX. [1620]
|
| 300 |
|
|
|a 1 online resource ([12], 92 pages)
|
| 336 |
|
|
|a text
|b txt
|2 rdacontent
|
| 337 |
|
|
|a computer
|b c
|2 rdamedia
|
| 338 |
|
|
|a online resource
|b cr
|2 rdacarrier
|
| 500 |
|
|
|a Dedication signed: Io. fani Andreae. Archi-Episcopus, id est John Spottiswood.
|
| 500 |
|
|
|a A reply to the work by David Calderwood.
|
| 500 |
|
|
|a Running title reads: Refutatio libelli De regim. Eccles. Scoticanæ.
|
| 500 |
|
|
|a Reproduction of the original in the Bodleian Library.
|
| 500 |
|
|
|a Some print faded; cropped at fore-edge.
|
| 510 |
4 |
|
|a STC (2nd edition)
|c 23103.
|
| 533 |
|
|
|a Electronic reproduction.
|b Ann Arbor, Mich. :
|c UMI,
|d 1999-
|f (Early English books online)
|n Digital version of: (Early English books, 1475-1640 ; 1671:27)
|7 s1999 miun s
|
| 600 |
1 |
0 |
|a Calderwood, David,
|d 1575-1650.
|t De regimine Ecclesiae Scoticanae brevis relatio
|v Controversial literature
|v Early works to 1800.
|
| 610 |
2 |
0 |
|a Church of Scotland
|x Government
|v Early works to 1800.
|
| 830 |
|
0 |
|a Early English books online.
|
| 856 |
4 |
0 |
|u http://proxy.library.tamu.edu/login?url=https://search.proquest.com/docview/2248555297
|z Connect to the full text of this electronic book
|t 0
|
| 999 |
f |
f |
|s b7490c27-7ccf-3323-9dcf-fe2bb608515e
|i c63f948f-a45e-38e6-9f04-e6a0f109ac6d
|t 0
|
| 952 |
f |
f |
|a Texas A&M University
|b College Station
|c Electronic Resources
|d Available Online
|t 0
|h No information provided
|
| 998 |
f |
f |
|t 0
|l Available Online
|